000 00316nam a22001457a 4500
003 SGT
020 _a978-93-80316-26-0
082 _a616.89
_bU15C
100 _aCHAUDHARY, SUPRAKASH
245 _aUNDERGRADUATE PSYCHIATRY
250 _a2ND
260 _aINDIA
_bAHUJA PUB
_c2015
300 _a324
942 _2ddc
_cBK
999 _c18106
_d18106